000
00293nam a2200121Ia 4500
008
190802s9999 xx 000 0 und d
020
_a
978-969-494-490-6
100
_a
Shahid Siddiqui
245
0
_a
Rethinking
260
_a
Karachi
_b
Paramount Publishing
_c
2007
300
_a
198:p
942
_c
BK
999
_c
2460
_d
2460